El sistema de precios / (Registro nro. 12270)
[ vista simple ]
| 000 -LEADER | |
|---|---|
| fixed length control field | 01321nam a2200265Ia 4500 |
| 003 - CONTROL NUMBER IDENTIFIER | |
| control field | OSt |
| 005 - DATE AND TIME OF LATEST TRANSACTION | |
| control field | 20210826143535.0 |
| 008 - FIXED-LENGTH DATA ELEMENTS--GENERAL INFORMATION | |
| fixed length control field | 210310s1970 mx ad gr 000 0 spa d |
| 040 ## - CATALOGING SOURCE | |
| Original cataloging agency | CO-JMCR |
| Transcribing agency | CO-JMCR |
| 041 0# - LANGUAGE CODE | |
| Language code of text/sound track or separate title | spa |
| 082 04 - DEWEY DECIMAL CLASSIFICATION NUMBER | |
| Classification number | 338.52 / |
| Item number | H182s |
| Edition number | 23 |
| 100 1# - MAIN ENTRY--PERSONAL NAME | |
| Personal name | Haveman, Robert, |
| Relator term | autor |
| 9 (RLIN) | 27760 |
| 245 13 - TITLE STATEMENT | |
| Title | El sistema de precios / |
| Statement of responsibility, etc. | Robert Haveman, Kenyon Knopf ; traducción, Susana Constante |
| 260 ## - PUBLICATION, DISTRIBUTION, ETC. | |
| Place of publication, distribution, etc. | México : |
| Name of publisher, distributor, etc. | Amorrortu, |
| Date of publication, distribution, etc. | 1970. |
| 300 ## - PHYSICAL DESCRIPTION | |
| Extent | 319 páginas : |
| Other physical details | ilustraciones y gráficas en blanco y negro ; |
| Dimensions | 19 cm. |
| 490 0# - SERIES STATEMENT | |
| Series statement | Biblioteca de Economía Política |
| 504 ## - BIBLIOGRAPHY, ETC. NOTE | |
| Bibliography, etc. note | Bibliografía al final de cada capitulo. |
| 505 ## - FORMATTED CONTENTS NOTE | |
| Formatted contents note | Tipos de economía y economización. -- Economía de mercado. Modelos de un sistema económico simple. -- Las familias como unidades de decisión. -- La empresa competitiva como unidad de decisión. -- Organización y funcionamiento de los mercados competitivos. -- El funcionamiento de un sistema de mercado perfecto. -- Interferencias en el proceso de ajuste - El problema del poder económico. -- Los modelos y la realidad. |
| 650 14 - SUBJECT ADDED ENTRY--TOPICAL TERM | |
| Topical term or geographic name entry element | Competencia. |
| 9 (RLIN) | 27762 |
| 650 24 - SUBJECT ADDED ENTRY--TOPICAL TERM | |
| Topical term or geographic name entry element | Oferta y demanda. |
| 9 (RLIN) | 39727 |
| 650 24 - SUBJECT ADDED ENTRY--TOPICAL TERM | |
| Topical term or geographic name entry element | Precios y dinero |
| 9 (RLIN) | 39728 |
| 700 1# - ADDED ENTRY--PERSONAL NAME | |
| Personal name | Knopf, Kenyon, |
| Relator term | autor |
| 9 (RLIN) | 39729 |
| 700 1# - ADDED ENTRY--PERSONAL NAME | |
| Personal name | Constante, Susana, |
| Relator term | traducción |
| 9 (RLIN) | 5277 |
| 942 ## - ADDED ENTRY ELEMENTS (KOHA) | |
| Source of classification or shelving scheme | Dewey Decimal Classification |
| Koha item type | Books |
| Withdrawn status | Lost status | Source of classification or shelving scheme | Damaged status | Not for loan | Home library | Current library | Shelving location | Date acquired | Source of acquisition | Full call number | Barcode | Date last seen | Copy number | Price effective from | Koha item type |
|---|---|---|---|---|---|---|---|---|---|---|---|---|---|---|---|
| Dewey Decimal Classification | Biblioteca Pública José María del Castillo y Rada | Biblioteca Pública José María del Castillo y Rada | General Stacks | 04/15/2018 | Donación | 338.52 / H182s | 430005546 | 05/16/2024 | Ej.1 | 03/10/2021 | Books |